Tous les vainqueurs de Roland-Garros (homme) - Statistiques

Statistiques générales
  • Ce quiz a été pris 275 fois
  • Le résultat moyen est 10 sur 50
Statistiques - réponses
Nombre de titres Joueurs % Correct
13 titres R. Nadal
99%
2 titres N. Djokovic
96%
1 titre R. Federer
94%
1 titre Y. Noah
77%
1 titre S. Wawrinka
72%
6 titres B. Borg
56%
1 titre A. Agassi
53%
3 titres G. Kuerten
44%
3 titres I. Lendl
41%
1 titre M. Chang
40%
2 titres J. Courier
31%
3 titres M. Wilander
31%
1 titre J. Ferrero
27%
1 titre C. Moya
25%
3 titres R. Lacoste
22%
1 titre G. Vilas
19%
1 titre I. Nastase
19%
2 titres S. Bruguera
19%
2 titres R. Laver
18%
1 titre A. Gomez
17%
1 titre E. Kafelnikov
16%
1 titre G. Gaudio
16%
1 titre T. Muster
16%
1 titre A. Costa
13%
1 titre A. Panatta
12%
1 titre J. Borotra
11%
4 titres H. Cochet
9%
2 titres K. Rosewall
8%
1 titre M. Rose
8%
2 titres J. Kodes
6%
1 titre A. Gimeno
5%
2 titres R. Emerson
4%
1 titre M. Bernard
3%
2 titres M. Santana
3%
1 titre F. Perry
2%
2 titres N. Pietrangeli
2%
1 titre B. Patty
1%
1 titre D. Budge
1%
2 titres F. Parker
1%
1 titre F. Stolle
1%
2 titres G. Von Cramm
1%
1 titre J. Crawford
1%
2 titres J. Drobny
1%
1 titre L. Hoad
1%
1 titre T. Roche
1%
2 titres T. Trabert
1%
1 titre H. Henkel
0%
1 titre J. Asboth
0%
1 titre S. Davidson
0%
1 titre W. Mcneill
0%
Aucun quiz correspondant
Distribution des résultats
% des personnes avec chaque résultat
Percentile par nombre de réponses
Votre historique - résultats
Vous n’avez pas pris ce quiz